| 000 | 00535nam a2200205 a 4500 | ||
|---|---|---|---|
| 001 | BRCA_6221 | ||
| 005 | 20190320205356.0 | ||
| 008 | 190711s1908----gw-#######---#000-0#ger-# | ||
| 041 | _ager | ||
| 044 | _agw | ||
| 050 | 4 |
_aPT2603 _b.U8 H4 _c1908 |
|
| 100 | 1 |
_aBusch, Wilhelm, _d1832-1908 _915634 |
|
| 245 | 1 | 0 |
_aHernach _cvon Wilhelm Busch. |
| 260 |
_aMĂșnich _bLothar Joachim _c1908 |
||
| 300 |
_a62 p. _bil.(algunas a color) _c24 cm. |
||
| 500 | _aK81 | ||
| 650 | 1 | 4 |
_aCaricaturistas alemanes _915635 |
| 902 | _aGFM | ||
| 942 |
_2lcc _cB |
||
| 999 |
_c5908 _d5908 |
||